<?xml version="1.0" encoding="UTF-8"?>
<collection xmlns:xsi="http://www.w3.org/2001/XMLSchema-instance" xsi:schemaLocation="http://www.loc.gov/MARC21/slim http://www.loc.gov/standards/marcxml/schema/MARC21slim.xsd" xmlns="http://www.loc.gov/MARC21/slim">
 <record>
  <leader>00000ctm a22000003a 4500</leader>
  <controlfield tag="001">UP-99796217611678092</controlfield>
  <controlfield tag="003">Buklod</controlfield>
  <controlfield tag="005">20150710161252.0</controlfield>
  <controlfield tag="006">a     r    |||| u|</controlfield>
  <controlfield tag="007">ta</controlfield>
  <controlfield tag="008">150710s2015    xx     d     r    |||| u|</controlfield>
  <datafield tag="035" ind1=" " ind2=" ">
   <subfield code="a">(iLib)UPD-00246509450</subfield>
  </datafield>
  <datafield tag="040" ind1=" " ind2=" ">
   <subfield code="a">DCHE</subfield>
   <subfield code="e">rda</subfield>
  </datafield>
  <datafield tag="041" ind1=" " ind2=" ">
   <subfield code="a">eng</subfield>
  </datafield>
  <datafield tag="090" ind1=" " ind2=" ">
   <subfield code="a">LG 993.5 2015 F66</subfield>
   <subfield code="b">R53</subfield>
  </datafield>
  <datafield tag="100" ind1="1" ind2=" ">
   <subfield code="a">Ribuca, Khareena Dacillo</subfield>
   <subfield code="e">author</subfield>
  </datafield>
  <datafield tag="245" ind1="1" ind2="0">
   <subfield code="a">Physical and mechanical properties of banana flour/Kappa-Carrageenan biodegradable plastic film packaging</subfield>
   <subfield code="c">Khareena D. Ribuca ; Ma. Leonora dL. Francisco, adviser.</subfield>
  </datafield>
  <datafield tag="264" ind1=" " ind2="0">
   <subfield code="a">Quezon City</subfield>
   <subfield code="b">College of Home Economics, University of the Philippines Diliman</subfield>
   <subfield code="c">2015.</subfield>
  </datafield>
  <datafield tag="300" ind1=" " ind2=" ">
   <subfield code="a">xiii, 70 leaves</subfield>
   <subfield code="b">color illustration, +</subfield>
   <subfield code="e">1 CD ROM (4 ¾ in.)</subfield>
   <subfield code="c">28 cm.</subfield>
  </datafield>
  <datafield tag="336" ind1=" " ind2=" ">
   <subfield code="a">text</subfield>
   <subfield code="2">rdacontent</subfield>
  </datafield>
  <datafield tag="337" ind1=" " ind2=" ">
   <subfield code="a">unmediated</subfield>
   <subfield code="2">rdamedia</subfield>
  </datafield>
  <datafield tag="338" ind1=" " ind2=" ">
   <subfield code="a">volume</subfield>
   <subfield code="2">rdacarrier</subfield>
  </datafield>
  <datafield tag="500" ind1=" " ind2=" ">
   <subfield code="a">Thesis Classification: F</subfield>
  </datafield>
  <datafield tag="502" ind1=" " ind2=" ">
   <subfield code="a">Thesis (B.S. in Food Technology)--University of the Philippines Diliman</subfield>
   <subfield code="d">10 June 2015.</subfield>
  </datafield>
  <datafield tag="504" ind1=" " ind2=" ">
   <subfield code="a">Includes bibliographical references and appendices.</subfield>
  </datafield>
  <datafield tag="520" ind1="3" ind2=" ">
   <subfield code="a">The physical and mechanical properties of saba banana/kappa-carrageenan bioplastic was investigated in this study. Water activity (Aw) , moisture content, and density of the films decreased as the amount of k-carrageenan increased. Pure banana flour bioplastic had the highest Aw (0.535), moisture content (42.4975%) and density (1.5579 g/cm3). K-carrageenan, when incorporated in solutions, can aggregate thus lowering interactions with water resulting in lower amount of water present in the film. This also resulted in an increase in tensile strength value and decrease percentage elongation at break as the k-carrageenan content is increased. Treatment D (with 50% k-carrageenan) exhibited the highest tensile strength at 6.7046 MPa and lowest percentage elongation at break among the films treated with k-carrageenan at 14.7%. The rigidity caused by the aggregation strengthened the film, at the same time made it less flexible. On the other hand, water solubility of the film increased as the amount of k-carrageenan was increased, due to the greater amount of solids that could be easily hydrated by water due to the presence of a negative charge in the said compound. No significant differences were observed between the water vapor permeance values of the films due to the hygroscopicity and hydrophilicity of the components, leading to interference in the mechanism. The values observed were around 10^-7 g ·Pa^-1·s^-1·m^-2 making the films unsuitable for packaging of fresh goods due to its high permeability.</subfield>
  </datafield>
  <datafield tag="650" ind1=" " ind2="0">
   <subfield code="a">Plastic films</subfield>
   <subfield code="x">Permeability.</subfield>
  </datafield>
  <datafield tag="650" ind1=" " ind2="0">
   <subfield code="a">Plastics in packaging</subfield>
   <subfield code="z">Philippines.</subfield>
  </datafield>
  <datafield tag="700" ind1="1" ind2=" ">
   <subfield code="a">Francisco, Ma. Leonora dL.</subfield>
   <subfield code="e">adviser.</subfield>
  </datafield>
  <datafield tag="905" ind1=" " ind2=" ">
   <subfield code="a">FI</subfield>
  </datafield>
  <datafield tag="950" ind1=" " ind2=" ">
   <subfield code="a">UPIANA</subfield>
  </datafield>
  <datafield tag="852" ind1="0" ind2=" ">
   <subfield code="a">UPD</subfield>
   <subfield code="b">DCHE</subfield>
   <subfield code="h">LG 993.5 2015 F66</subfield>
   <subfield code="i">R53</subfield>
  </datafield>
  <datafield tag="942" ind1=" " ind2=" ">
   <subfield code="a">Thesis</subfield>
  </datafield>
 </record>
</collection>
